Vplyv informačných a komunikačných technológií na proces vzdelávania

Možnosti využitie IKT v procese vzdelávania a ich vplyv nielen na študentov, ale tiež na vyučujúcich. E-learning - predstavuje vzdelávacie prostredie, ktoré umožňuje študentom využívať vo vzdelávaní kritické myslenie a kreativitu, čo má značný vplyv na kvalitu vzdelávania.

Na minha lista:
Detalhes bibliográficos
Autor principal: Tutková, Petra, 1987-
Outros Autores: Tobák, Juraj, 1986-
Formato: Capítulo de Livro
Idioma:eslovaco
Assuntos:
Tags: Adicionar Tag
Sem tags, seja o primeiro a adicionar uma tag!

MARC

LEADER 00000nla a2200000 4500
001 0165602
005 20240502072903.4
041 0 |a slo 
044 |a SK 
245 1 0 |a Vplyv informačných a komunikačných technológií na proces vzdelávania  |c Petra Tutková, Juraj Tobák 
520 |a Možnosti využitie IKT v procese vzdelávania a ich vplyv nielen na študentov, ale tiež na vyučujúcich. E-learning - predstavuje vzdelávacie prostredie, ktoré umožňuje študentom využívať vo vzdelávaní kritické myslenie a kreativitu, čo má značný vplyv na kvalitu vzdelávania. 
610 2 0 |a vzdelávanie 
610 2 0 |a technológie informačné 
610 2 0 |a technológie komunikačné 
610 2 0 |a vzdelávanie elektronické 
100 1 |a Tutková, Petra, 1987- 
700 1 |a Tobák, Juraj, 1986-